Pharmaceutical Dosage Forms: Disperse Systems (Pharmaceutical Dosage Forms Disperse System) Vol.3 (Record no. 8660)
[ view plain ]
| 000 -LEADER | |
|---|---|
| fixed length control field | 00449nam a22001457a 4500 |
| 003 - CONTROL NUMBER IDENTIFIER | |
| control field | OSt |
| 008 - FIXED-LENGTH DATA ELEMENTS--GENERAL INFORMATION | |
| fixed length control field | 200619b ||||| |||| 00| 0 eng d |
| 020 ## - INTERNATIONAL STANDARD BOOK NUMBER | |
| International Standard Book Number | 9780367400606 |
| 100 ## - MAIN ENTRY--PERSONAL NAME | |
| Personal name | Lieberman, Herbert. |
| 245 ## - TITLE STATEMENT | |
| Title | Pharmaceutical Dosage Forms: Disperse Systems (Pharmaceutical Dosage Forms Disperse System) Vol.3 |
| 250 ## - EDITION STATEMENT | |
| Edition statement | Vol.3 |
| 260 ## - PUBLICATION, DISTRIBUTION, ETC. (IMPRINT) | |
| Place of publication, distribution, etc | New Delhi |
| Name of publisher, distributor, etc | CRC Press |
| Date of publication, distribution, etc | 2018 |
| 650 ## - SUBJECT ADDED ENTRY--TOPICAL TERM | |
| Topical term or geographic name as entry element | Pharmaceutical Dosage form /Cosmetic |
| 942 ## - ADDED ENTRY ELEMENTS (KOHA) | |
| Source of classification or shelving scheme | Dewey Decimal Classification |
| Koha item type | Text Books |
| 942 ## - ADDED ENTRY ELEMENTS (KOHA) | |
| -- | 1 |
| Withdrawn status | Lost status | Source of classification or shelving scheme | Damaged status | Not for loan | Collection code | Home library | Current library | Date acquired | Source of acquisition | Currency | Cost, normal purchase price | Bill Number | Total Checkouts | Full call number | Acc. no. / Barcode | Date last seen | Date last borrowed | Actual Cost, discounted price | Bill Date | Koha item type | Serial Enumeration / chronologySerial Enumeration / Volume No. |
|---|---|---|---|---|---|---|---|---|---|---|---|---|---|---|---|---|---|---|---|---|---|
| Dewey Decimal Classification | B.Pharma | PIET C-LIBRARY | PIET C-LIBRARY | 09/01/2020 | Kirti Praskshan | IN Rupees | 4870.00 | IN5989 | 1 | 615.14 LIP | BP552 | 29/08/2022 | 20/06/2022 | 3652.50 | 09/01/2020 | Text Books | |||||
| Dewey Decimal Classification | B.Pharma | PIET C-LIBRARY | PIET C-LIBRARY | 09/01/2020 | Kirti Praskshan | IN Rupees | 4870.00 | IN5989 | 615.14 LIP | BP553 | 19/06/2020 | 3652.50 | 09/01/2020 | Reference Books | 3 |